路線名と同じ駅名が中間駅にある路線 - Statistics

General Stats
  • This quiz has been taken 489 times
  • The average score is 22 of 60
Answer Stats
Answer % Correct
JR成田線
68%
JR飯田線
66%
JR身延線
64%
東京メトロ有楽町線
59%
JR高山本線
59%
JR横須賀線
58%
JR川越線
58%
東京メトロ銀座線
57%
東京メトロ日比谷線
57%
東京メトロ半蔵門線
56%
JR青梅線
56%
都営三田線
55%
JR東金線
55%
JR御殿場線
53%
JR根岸線
52%
都営浅草線
51%
JR石巻線
50%
JR只見線
50%
JR小浜線
50%
JR七尾線
50%
JR呉線
50%
JR山口線
50%
JR久留里線
49%
JR千歳線
48%
JR美祢線
48%
JR桜井線
45%
JR飯山線
44%
JR唐津線
43%
JR小海線
42%
JR田沢湖線
42%
JR大村線
41%
JR日南線
40%
東急池上線
38%
名鉄犬山線
35%
JR可部線
35%
JR木次線
35%
東武佐野線
34%
JR香椎線
33%
JR篠栗線
33%
JR牟岐線
32%
東急世田谷線
30%
名鉄西尾線
29%
名鉄小牧線
29%
京王高尾線
26%
名古屋市交鶴舞線
26%
福岡市交七隈線
20%
秩父鉄道秩父本線
18%
名鉄竹鼻線
16%
養老鉄道養老線
13%
真岡鐵道真岡線
10%
井原鉄道井原線
10%
WILLER TRAINS宮津線
10%
富山地方鉄道不二越線
8%
富山地方鉄道上滝線
8%
平成筑豊鉄道糸田線
8%
豊橋鉄道東田本線
6%
水島臨海鉄道水島本線
6%
伊予鉄道郡中線
6%
鹿児島市電唐湊線
4%
長崎電気軌道桜町支線
3%
No matching quizzes found
Score Distribution
Percent of People with Each Score
Percentile by Number Answered
Your Score History
You have not taken this quiz